Statistics for Countries, US States, Capitals, Elements, 100 Most Common Words: by Vowel-Consonant Combination

Click here to take the quiz!

General Stats

  • This quiz has been taken 1,259 times
  • The average score is 182 of 220

Answer Stats

ANSWER# ANSWERSANSWERS% Correct
AN124AFGHANISTAN|ALBANIA|ALBANY|AMMAN|AN|AND|ANDORRA|AN
99%
AR54ANKARA|ANTANANARIVO|ANTIGUA AND BARBUDA|ARGENTINA|
99%
BA33ADDIS ABABA|ALABAMA|ALBANIA|ALBANY|ANTIGUA AND BAR
99%
IN84ACTINIUM|ALUMINIUM|ARGENTINA|ASTATINE|AUSTIN|BAHRA
99%
MA55ALABAMA|AMMAN|ASMARA|BAHAMAS|BAMAKO|BISMARCK|BURMA
99%
OR54ANDORRA|ANDORRA LA VELLA|BORON|CALIFORNIA|CALIFORN
99%
RA50ACCRA|ANDORRA|ANDORRA LA VELLA|ANKARA|ASMARA|AUSTR
99%
TA44AFGHANISTAN|ANTANANARIVO|ASTANA|ASTATINE|ATLANTA|A
99%
AD30ADDIS ABABA|BAGHDAD|BANGLADESH|BARBADOS|BELGRADE|C
98%
AL53ALABAMA|ALASKA|ALBANIA|ALBANY|ALGERIA|ALGIERS|ALL|
98%
CA32BECAUSE|CADMIUM|CAIRO|CALCIUM|CALIFORNIA|CALIFORNI
98%
CO30COBALT|COLOMBIA|COLORADO|COLUMBIA|COLUMBUS|COME|CO
98%
EN52ARGENTINA|ARMENIA|ARSENIC|ATHENS|BENIN|BUENOS AIRE
98%
ER57AFTER|ALGERIA|ALGIERS|AMERICIUM|AMSTERDAM|AZERBAIJ
98%
IS39ADDIS ABABA|AFGHANISTAN|ANNAPOLIS|BISHKEK|BISMARCK
98%
LA48ALABAMA|ALASKA|ANDORRA LA VELLA|ANGOLA|ATLANTA|BAN
98%
LI52ANNAPOLIS|AUSTRALIA|BELIZE|BERKELIUM|BERLIN|BERYLL
98%
NA46ANNAPOLIS|ANTANANARIVO|ARGENTINA|ARIZONA|ASTANA|BO
98%
ON67ANTIMONY|ARGON|ARIZONA|ASUNCION|BATON ROUGE|BORON|
98%
AM29ALABAMA|AMERICIUM|AMMAN|AMSTERDAM|BAHAMAS|BAMAKO|C
97%
AS33ALASKA|ARKANSAS|AS|ASHGABAT|ASMARA|ASTANA|ASTATINE
97%
AT28ASHGABAT|ASTATINE|AT|ATHENS|ATLANTA|BATON ROUGE|BR
97%
BE20BANDAR SERI BEGAWAN|BE|BECAUSE|BEIJING|BEIRUT|BELA
97%
BI21ABU DHABI|BISHKEK|BISMARCK|BISMUTH|BISSAU|COLOMBIA
97%
BO21ABOUT|BOGOTA|BOHRIUM|BOISE|BOLIVIA|BORON|BOSNIA AN
97%
DA25AMSTERDAM|ANTIGUA AND BARBUDA|BAGHDAD|BANDAR SERI
97%
DO22ANDORRA|ANDORRA LA VELLA|BARBADOS|COLORADO|DO|DODO
97%
GE19ALGERIA|ARGENTINA|BATON ROUGE|BRIDGETOWN|COPENHAGE
97%
HA32ABU DHABI|AFGHANISTAN|BAHAMAS|BUCHAREST|CHAD|CHARL
97%
ME25AMERICIUM|ARMENIA|CAMEROON|COME|LOME|ME|MEITNERIUM
97%
NE47ASTATINE|BROMINE|BRUNEI|CHEYENNE|CHLORINE|CONNECTI
97%
NI59ACTINIUM|AFGHANISTAN|ALBANIA|ALUMINIUM|ARMENIA|ARS
97%
NO20BUENOS AIRES|HANOI|HONOLULU|ILLINOIS|KNOW|LEBANON|
97%
PA19BELMOPAN|JAPAN|KAMPALA|LA PAZ OR SUCRE|NEPAL|PAKIS
97%
RI56ALGERIA|AMERICIUM|ANTANANARIVO|ARIZONA|AUSTRIA|BAN
97%
RO34BATON ROUGE|BORON|BROMINE|CAIRO|CAMEROON|CHROMIUM|
97%
RU17BEIRUT|BELARUS|BRUNEI|BRUSSELS|BURUNDI|CYPRUS|JERU
97%
TO34BATON ROUGE|BOSTON|BRIDGETOWN|CHARLESTON|EQUATORIA
97%
UR27BUJUMBURA|BURKINA FASO|BURMA|BURUNDI|CURIUM|EUROPI
97%
US23AUGUSTA|AUSTIN|AUSTRALIA|AUSTRIA|BECAUSE|BELARUS|B
97%
WA19BANDAR SERI BEGAWAN|BOTSWANA|DELAWARE|HAWAII|IOWA|
97%
AB17ABOUT|ABU DHABI|ABUJA|ADDIS ABABA|ALABAMA|ASHGABAT
96%
DE18BANGLADESH|BELGRADE|CAPE VERDE|DELAWARE|DEMOCRATIC
96%
EL28ANDORRA LA VELLA|BELARUS|BELGIUM|BELGRADE|BELIZE|B
96%
ES24BANGLADESH|BUCHAREST|BUDAPEST|BUENOS AIRES|CASTRIE
96%
GA23ASHGABAT|BANDAR SERI BEGAWAN|BULGARIA|GABON|GABORO
96%
HO18HOLMIUM|HONDURAS|HONIARA|HONOLULU|HOW|IDAHO|LESOTH
96%
IC29AMERICIUM|ARSENIC|CENTRAL AFRICAN REPUBLIC|CONNECT
96%
IT31CARSON CITY|ERITREA|GUATEMALA CITY|HAITI|IT|ITALY|
96%
JA10ABUJA|AZERBAIJAN|JACKSON|JAKARTA|JAMAICA|JAPAN|LJU
96%
KA15ALASKA|ANKARA|ARKANSAS|DAKAR|DHAKA|JAKARTA|KABUL|K
96%
OL24ANGOLA|ANNAPOLIS|BOLIVIA|COLOMBIA|COLORADO|COLUMBI
96%
OM26BROMINE|CHROMIUM|COLOMBIA|COME|COMOROS|DODOMA|DOMI
96%
RE34BASSETERRE|BUCHAREST|BUENOS AIRES|CENTRAL AFRICAN
96%
SA35ARKANSAS|BISSAU|EL SALVADOR|GUINEA BISSAU|JERUSALE
96%
SI23BRASILIA|CESIUM|CHISINAU|DYSPROSIUM|FEDERATED STAT
96%
HE25ATHENS|BOSNIA AND HERZEGOVINA|CHEYENNE|DEMOCRATIC
95%
HI19CHISINAU|CHILE|CHINA|ETHIOPIA|HIM|HIS|LITHIUM|MICH
95%
IR20BEIRUT|BUENOS AIRES|CAIRO|COTE D IVOIRE|FIRST|IRAN
95%
KI15BURKINA FASO|HELSINKI|KIEV|KIGALI|KINGSTON|KINGSTO
95%
MO30ANTIMONY|BELMOPAN|COMOROS|DEMOCRATIC REPUBLIC OF T
95%
OS17BARBADOS|BOSNIA AND HERZEGOVINA|BOSTON|BUENOS AIRE
95%
SO23ALSO|BURKINA FASO|CARSON CITY|JACKSON|JEFFERSON CI
95%
TE24AFTER|AMSTERDAM|BASSETERRE|COTE D IVOIRE|EINSTEINI
95%
TU10KENTUCKY|NEPTUNIUM|PORTUGAL|TUNGSTEN|TUNIS|TUNISIA
95%
UT22ABOUT|BEIRUT|BHUTAN|BISMUTH|BUT|CONNECTICUT|DJIBOU
95%
GO17ANGOLA|ARGON|BOGOTA|BOSNIA AND HERZEGOVINA|DEMOCRA
94%
KE11BERKELIUM|BISHKEK|KENTUCKY|KENYA|LIKE|MAKE|NICKEL|
94%
LO16CHLORINE|COLOMBIA|COLORADO|FLORIDA|LILONGWE|LOME|L
94%
MI21ALUMINIUM|BROMINE|CADMIUM|CHROMIUM|DOMINICA|DOMINI
94%
TI32ACTINIUM|ANTIGUA AND BARBUDA|ANTIMONY|ARGENTINA|AS
94%
UN14ASUNCION|BRUNEI|BURUNDI|FUNAFUTI|HUNGARY|JUNEAU|NE
94%
VA17BRATISLAVA|EL SALVADOR|HAVANA|MOLDOVA|NEVADA|PENNS
94%
VE14ANDORRA LA VELLA|CAPE VERDE|DENVER|DOVER|EVEN|GIVE
94%
VI22BOLIVIA|BOSNIA AND HERZEGOVINA|BRAZZAVILLE|FLEROVI
94%
WE7LILONGWE|SWEDEN|WE|WELL|WELLINGTON|WEST VIRGINIA|Z
94%
ZA6BRAZZAVILLE|KAZAKHSTAN|MOZAMBIQUE|TANZANIA|ZAGREB|
94%
AK16BAKU|BAMAKO|CONAKRY|DAKAR|DHAKA|JAKARTA|KAZAKHSTAN
93%
BU15ABU DHABI|ABUJA|ANTIGUA AND BARBUDA|BUCHAREST|BUDA
93%
DI22ADDIS ABABA|BURUNDI|CAMBODIA|DILI|INDIA|INDIANA|IN
93%
EM10DEMOCRATIC REPUBLIC OF THE CONGO|GUATEMALA|GUATEMA
93%
IL19BRASILIA|BRAZIL|BRAZZAVILLE|CHILE|DILI|ILLINOIS|LI
93%
LU16ALUMINIUM|COLUMBIA|COLUMBUS|FLUORINE|HONOLULU|KUAL
93%
PE14BUDAPEST|CAPE VERDE|COPENHAGEN|COPERNICIUM|COPPER|
93%
SE24ARSENIC|BANDAR SERI BEGAWAN|BASSETERRE|BECAUSE|BOI
93%
UM87ACTINIUM|ALUMINIUM|AMERICIUM|BARIUM|BELGIUM|BERKEL
93%
ZI5BRAZIL|SWAZILAND|ZIMBABWE|ZINC|ZIRCONIUM
93%
FI5FIJI|FINLAND|FIRST|SOFIA|SPRINGFIELD
92%
GU16ANTIGUA AND BARBUDA|AUGUSTA|BANGUI|EQUATORIAL GUIN
92%
LE21BRAZZAVILLE|CHARLESTON|CHILE|FLEROVIUM|HELENA|JERU
92%
AF6AFGHANISTAN|AFTER|CENTRAL AFRICAN REPUBLIC|FUNAFUT
91%
AZ6AZERBAIJAN|BRAZIL|BRAZZAVILLE|KAZAKHSTAN|LA PAZ OR
91%
JI5BEIJING|DJIBOUTI|DJIBOUTI|FIJI|TAJIKISTAN
91%
KO9BAMAKO|BANGKOK|KOSOVO|NORTH DAKOTA|NORTH KOREA|SKO
91%
PO16ANNAPOLIS|INDIANAPOLIS|PODGORICA|POLAND|POLONIUM|P
91%
YA9GUYANA|KENYA|LIBYA|PYONGYANG|RIYADH|SRI JAYAWARDEN
91%
CE10CENTRAL AFRICAN REPUBLIC|CERIUM|CESIUM|FRANCE|GREE
90%
QA1QATAR
90%
AG12BAGHDAD|COPENHAGEN|MADAGASCAR|MAGNESIUM|MANAGUA|NI
89%
AW10BANDAR SERI BEGAWAN|DELAWARE|HAWAII|LAWRENCIUM|MAL
89%
EX4MEXICO|MEXICO CITY|NEW MEXICO|TEXAS
89%
IJ3AZERBAIJAN|BEIJING|FIJI
89%
OT15BOGOTA|BOTSWANA|COTE D IVOIRE|LESOTHO|MINNESOTA|NO
89%
UB11CENTRAL AFRICAN REPUBLIC|CUBA|CZECH REPUBLIC|DEMOC
89%
WI6MALAWI|SWITZERLAND|WILL|WINDHOEK|WISCONSIN|WITH
89%
YE4CHEYENNE|YEAR|YEMEN|YEREVAN
89%
YO6NEW YORK|PYONGYANG|TOKYO|WYOMING|YOU|YOUR
89%
YP4CYPRUS|EGYPT|KRYPTON|NAYPYIDAW
89%
AP12ANNAPOLIS|APIA|BUDAPEST|CAPE VERDE|INDIANAPOLIS|JA
88%
BY3BY|LIBYA|PORT MORESBY
88%
CU6CONNECTICUT|CUBA|CURIUM|DAMASCUS|ECUADOR|MERCURY
88%
GY3EGYPT|KYRGYZSTAN|PYONGYANG
88%
KY3KENTUCKY|KYRGYZSTAN|TOKYO
88%
NY5ALBANY|ANTIMONY|ANY|GERMANY|KENYA
88%
PI7APIA|ETHIOPIA|EUROPIUM|MISSISSIPPI|OLYMPIA|PHILIPP
88%
XE3LUXEMBOURG|LUXEMBOURG|XENON
88%
AC11ACCRA|ACTINIUM|BACK|CARACAS|JACKSON|MACEDONIA|MASS
87%
HU7BHUTAN|HUNGARY|LITHUANIA|MASSACHUSETTS|MOGADISHU|T
87%
IM7ANTIMONY|EAST TIMOR|HIM|LIMA|THIMPHU|TIME|ZIMBABWE
87%
RY7BERYLLIUM|CONAKRY|HUNGARY|KRYPTON|MARYLAND|MERCURY
87%
ZE6AZERBAIJAN|BELIZE|BOSNIA AND HERZEGOVINA|CZECH REP
87%
IB8DJIBOUTI|DJIBOUTI|KIRIBATI|LIBERIA|LIBREVILLE|LIBY
86%
QU3EQUATORIAL GUINEA|MOZAMBIQUE|QUITO
86%
AH7BAHAMAS|BAHRAIN|IDAHO|OKLAHOMA|OKLAHOMA CITY|TALLA
85%
EG7BANDAR SERI BEGAWAN|BOSNIA AND HERZEGOVINA|EGYPT|M
85%
ET14BASSETERRE|BRIDGETOWN|ETHIOPIA|FREETOWN|GEORGETOWN
85%
EY7CHEYENNE|NEW JERSEY|NIAMEY|REYKJAVIK|SEYCHELLES|TH
85%
OV11BOSNIA AND HERZEGOVINA|DOVER|FLEROVIUM|KOSOVO|MOLD
85%
SU7ASUNCION|LA PAZ OR SUCRE|SOUTH SUDAN|SUDAN|SULFUR|
85%
UL12BANJUL|BULGARIA|COULD|HONOLULU|KABUL|NGERULMUD|SAI
85%
YR2KYRGYZSTAN|SYRIA
85%
AY9DAY|MALAYSIA|NAYPYIDAW|NORWAY|PARAGUAY|SAY|SRI JAY
84%
CI19AMERICIUM|ASUNCION|CALCIUM|CARSON CITY|COPERNICIUM
84%
EC7BECAUSE|CONNECTICUT|CZECH REPUBLIC|ECUADOR|GREECE|
84%
EV9EVEN|KIEV|LIBREVILLE|MENDELEVIUM|MONTEVIDEO|NEVADA
83%
JE5JEFFERSON CITY|JERUSALEM|NEW JERSEY|SARAJEVO|SKOPJ
83%
KU5BAKU|KUALA LUMPUR|KUWAIT|KUWAIT CITY|NUKU ALOFA
83%
OG5BOGOTA|HYDROGEN|MOGADISHU|NITROGEN|TOGO
83%
XI3MEXICO|MEXICO CITY|NEW MEXICO
83%
DU6DUBLIN|DUBNIUM|DUSHANBE|HONDURAS|KATHMANDU|VADUZ
82%
EW8NEW|NEW DELHI|NEW HAMPSHIRE|NEW JERSEY|NEW MEXICO|
81%
FO6CALIFORNIA|CALIFORNIUM|FOR|FRANKFORT|HARTFORD|PRET
81%
GI8ALGIERS|BELGIUM|GEORGIA|GEORGIA|GIVE|SEABORGIUM|VI
81%
ID10BRIDGETOWN|FLORIDA|IDAHO|IRIDIUM|MADRID|MONTEVIDEO
81%
UG6AUGUSTA|BATON ROUGE|OUAGADOUGOU|PORTUGAL|UGANDA|UR
81%
JU7BANJUL|BUJUMBURA|JUBA|JUNEAU|JUST|LJUBLJANA|MAJURO
80%
OK5BANGKOK|LOOK|OKLAHOMA|OKLAHOMA CITY|TOKYO
80%
OP9BELMOPAN|COPENHAGEN|COPERNICIUM|COPPER|ETHIOPIA|EU
80%
OF7DEMOCRATIC REPUBLIC OF THE CONGO|FEDERATED STATES
79%
VO5ANTANANARIVO|COTE D IVOIRE|KOSOVO|PORTO NOVO OR CO
79%
IF3CALIFORNIA|CALIFORNIUM|IF
78%
OW10BRIDGETOWN|FREETOWN|GEORGETOWN|HOW|IOWA|KINGSTOWN|
78%
SY2PENNSYLVANIA|SYRIA
78%
IK4LIKE|PALIKIR|REYKJAVIK|TAJIKISTAN
77%
IV6ANTANANARIVO|BOLIVIA|COTE D IVOIRE|GIVE|LIVERMORIU
77%
NU5LANTHANUM|MOLYBDENUM|NUKU ALOFA|PLATINUM|VANUATU
77%
EK4BISHKEK|TOPEKA|UZBEKISTAN|WINDHOEK
76%
EB3LEBANON|NEBRASKA|ZAGREB
75%
JO3JORDAN|SAINT JOHN S|SAN JOSE
75%
CY1CYPRUS
74%
PU9CENTRAL AFRICAN REPUBLIC|CZECH REPUBLIC|DEMOCRATIC
74%
UK3NUKU ALOFA|UKRAINE|YAMOUSSOUKRO
73%
UV2SUVA|TUVALU
73%
UZ2UZBEKISTAN|VADUZ
73%
YZ1KYRGYZSTAN
73%
AJ3MAJURO|SARAJEVO|TAJIKISTAN
72%
IG8ANTIGUA AND BARBUDA|KIGALI|MICHIGAN|NIGER|NIGERIA|
72%
LY4ITALY|MOLYBDENUM|OLYMPIA|ONLY
72%
OD10CAMBODIA|DODOMA|GOOD|IODINE|NEODYMIUM|PODGORICA|PR
72%
UD6ANTIGUA AND BARBUDA|BUDAPEST|NGERULMUD|SAUDI ARABI
72%
AV5BRATISLAVA|BRAZZAVILLE|HAVANA|HAVE|REYKJAVIK
71%
IP5MISSISSIPPI|PHILIPPINES|SAO TOME AND PRINCIPE|TAIP
71%
MY1MY
71%
TY10CARSON CITY|GUATEMALA CITY|JEFFERSON CITY|KUWAIT C
71%
FU2FUNAFUTI|SULFUR
69%
AQ1IRAQ
68%
OX1OXYGEN
68%
XY1OXYGEN
68%
YG1OXYGEN
68%
OH4BOHRIUM|DOHA|OHIO|SAINT JOHN S
67%
WY1WYOMING
67%
ED6FEDERATED STATES OF MICRONESIA|MACEDONIA|SWEDEN|UN
66%
EP7CENTRAL AFRICAN REPUBLIC|CZECH REPUBLIC|DEMOCRATIC
66%
IQ1MOZAMBIQUE
66%
OZ1MOZAMBIQUE
66%
IZ2ARIZONA|BELIZE
65%
OC4DEMOCRATIC REPUBLIC OF THE CONGO|LITTLE ROCK|MOROC
65%
UW2KUWAIT|KUWAIT CITY
65%
MU3BISMUTH|MUSCAT|NGERULMUD
64%
UX2LUXEMBOURG|LUXEMBOURG
64%
FE4FEDERATED STATES OF MICRONESIA|FERMIUM|JEFFERSON C
63%
HY1HYDROGEN
63%
PY2NAYPYIDAW|PYONGYANG
63%
UC5BUCHAREST|KENTUCKY|LA PAZ OR SUCRE|SAINT LUCIA|TEG
63%
YD1HYDROGEN
63%
YS2DYSPROSIUM|MALAYSIA
62%
EQ1EQUATORIAL GUINEA
61%
YL3BERYLLIUM|MARYLAND|PENNSYLVANIA
60%
EZ1VENEZUELA
59%
UJ2ABUJA|BUJUMBURA
59%
ZU1VENEZUELA
59%
FA2BURKINA FASO|NUKU ALOFA
57%
XA1TEXAS
57%
UY1GUYANA
54%
WO3TWO|WORK|WOULD
54%
DY3DYSPROSIUM|NEODYMIUM|PRASEODYMIUM
53%
UP1UP
53%
OB5COBALT|NAIROBI|NIOBIUM|NOBELIUM|TRINIDAD AND TOBAG
51%
YT2YTTERBIUM|YTTRIUM
51%
YK1REYKJAVIK
46%
EF1JEFFERSON CITY
45%
YC1SEYCHELLES
45%
EH1TEHRAN
44%
ZO1ARIZONA
44%
YI1NAYPYIDAW
43%
IX1PHOENIX
41%
YM3NEODYMIUM|OLYMPIA|PRASEODYMIUM
40%
IY1RIYADH
36%
YB1MOLYBDENUM
36%
IW1TAIWAN
35%

Score Distribution

Percentile by Number Answered

Percent of People with Each Score

Your Score History

You have not taken this quiz